|
|
|
|
| LEADER |
00000cab a2200000 a 4500 |
| 001 |
024253 |
| 003 |
UAHC_CL |
| 005 |
20251119195247.0 |
| 008 |
251119s2020 cl || || 000 s|spa |
| 040 |
|
|
|a UAHC_CL
|c UAHC_CL
|d UAHC_CL
|
| 100 |
|
|
|a Gaspar Abraham, Fernando
|9 22519
|
| 245 |
|
|
|a Arte contemporáneo en Chile :
|b cuaderno pedagógico
|c Fernando Gaspar Abraham ; Guillermo Jarpa Espinoza.
|
| 264 |
|
|
|a Santiago, Chile :
|b Ministerio de las Culturas, las Artes y el Patrimonio,
|c 2020.
|
| 300 |
|
|
|a 234 páginas.
|
| 500 |
|
|
|a Sitio visitado https://www.cultura.gob.cl/wp-content/uploads/2021/01/arte-contemporaneo.pdf el 19 de noviembre de 2025.
|
| 520 |
|
|
|a Este libro corresponde al undécimo volumen de los Cuadernos Pedagógicos de la Colección Educación Artística, creada en 2015, cuyo desafío es promover la producción, el intercambio y la difusión del conocimiento en educación, arte y cultura con el fin de poner a disposición de las instituciones educativas del país recursos para nutrir las prácticas pedagógicas.
|
| 700 |
|
|
|a Jarpa Espinoza, Guillermo
|9 22520
|e autor
|
| 856 |
|
|
|y Acceso electrónico al documento
|u https://www.cultura.gob.cl/wp-content/uploads/2021/01/arte-contemporaneo.pdf
|
| 942 |
|
|
|c LE
|2 ddc
|
| 952 |
|
|
|0 0
|1 0
|2 ddc
|4 0
|6 RECURSO_ELECTRÓNICO
|7 0
|8 COMP
|9 101488
|a BR
|b BR
|c Digital
|d 2025-11-19
|l 0
|o Recurso electrónico
|r 2025-11-19 19:53:32
|w 2025-11-19
|y LE
|B PBAS
|
| 999 |
|
|
|c 63179
|d 63179
|